Design of concrete structures (Record no. 3628)

000 -LEADER
fixed length control field 00663nam a2200229 a 4500
001 - CONTROL NUMBER
control field 3628
003 - CONTROL NUMBER IDENTIFIER
control field BD-DhUET
008 - FIXED-LENGTH DATA ELEMENTS--GENERAL INFORMATION
fixed length control field 850621s1985 enka b 101 0 eng
020 ## - INTERNATIONAL STANDARD BOOK NUMBER
International Standard Book Number 007Y665486
040 ## - CATALOGING SOURCE
Original cataloging agency DLC
Transcribing agency DLC
Modifying agency BD-DhUET
082 00 - DEWEY DECIMAL CLASSIFICATION NUMBER
Classification number 624.183
Item number NIL/1986
100 ## - MAIN ENTRY--PERSONAL NAME
Personal name Nilson, Arthur H.
245 00 - TITLE STATEMENT
Title Design of concrete structures
Statement of responsibility, etc. by Arthur H. Nilson and George Winter
250 ## - EDITION STATEMENT
Edition statement 10th ed.
260 ## - PUBLICATION, DISTRIBUTION, ETC. (IMPRINT)
Place of publication, distribution, etc. New York:
Name of publisher, distributor, etc. McGraw Hill Book Company,
Date of publication, distribution, etc. 1986.
300 ## - PHYSICAL DESCRIPTION
Extent xi, 380 p. :
Other physical details ill. ;
Dimensions 23 cm.
490 ## - SERIES STATEMENT
Series statement Civil engineering series
504 ## - BIBLIOGRAPHY, ETC. NOTE
Bibliography, etc Includes bibliographies
650 #0 - SUBJECT ADDED ENTRY--TOPICAL TERM
Topical term or geographic name as entry element Reinforced concrete
700 ## - ADDED ENTRY--PERSONAL NAME
Personal name Winter, George
942 ## - ADDED ENTRY ELEMENTS (KOHA)
Koha item type General Book
Holdings
Koha date last borrowed Koha date last seen Piece designation (barcode) Koha item type Withdrawn status Lost status Damaged status Shelving location Koha issues (times borrowed) Koha out on loan Location (home branch) Sublocation or collection (holding branch) Price effective from Date acquired Not for loan Koha renewals Koha full call number Copy number Koha normalized classification for sorting Source of classification or shelving scheme
2026-02-232026-02-2377873General Book   Circulation section62027-02-23Central Library, BUETCentral Library, BUET2014-11-022014-11-02 1624.183/NIL/19861624_000000000000000_183NIL1986 
 2024-12-0477816Rental Item   Rental section  Central Library, BUETCentral Library, BUET2024-12-041990-10-23  624.183 NIL/1986১০/ক-১624_183000000000000_NIL_1986 
 2024-12-0477817Rental Item   Rental section  Central Library, BUETCentral Library, BUET2024-12-041990-10-23  624.183 NIL/1986১০/ক-২624_183000000000000_NIL_1986 
 2024-12-0477818Rental Item   Rental section  Central Library, BUETCentral Library, BUET2024-12-041990-10-23  624.183 NIL/1986১০/ক-৩624_183000000000000_NIL_1986 
 2024-12-0477819Rental Item   Rental section  Central Library, BUETCentral Library, BUET2024-12-041990-10-23  624.183 NIL/1986১০/ক-৪624_183000000000000_NIL_1986 
 2024-12-0477820Rental Item   Rental section  Central Library, BUETCentral Library, BUET2024-12-041990-10-23  624.183 NIL/1986১০/ক-৫624_183000000000000_NIL_1986 
 2024-12-0477821Rental Item   Rental section  Central Library, BUETCentral Library, BUET2024-12-041990-10-23  624.183 NIL/1986১০/ক-৬624_183000000000000_NIL_1986 
 2024-12-0477822Rental Item   Rental section  Central Library, BUETCentral Library, BUET2024-12-041990-10-23  624.183 NIL/1986১০/ক-৭624_183000000000000_NIL_1986 
 2024-12-0477823Rental Item   Rental section  Central Library, BUETCentral Library, BUET2024-12-041990-10-23  624.183 NIL/1986১০/ক-৮624_183000000000000_NIL_1986 
 2024-12-0477824Rental Item   Rental section  Central Library, BUETCentral Library, BUET2024-12-041990-10-23  624.183 NIL/1986১০/ক-৯624_183000000000000_NIL_1986 
 2024-12-0477825Rental Item   Rental section  Central Library, BUETCentral Library, BUET2024-12-041990-10-23  624.183 NIL/1986১০/ক-১০624_183000000000000_NIL_1986 
 2024-12-0477826Rental Item   Rental section  Central Library, BUETCentral Library, BUET2024-12-041990-10-23  624.183 NIL/1986১০/ক-১১624_183000000000000_NIL_1986 
 2024-12-0477827Rental Item   Rental section  Central Library, BUETCentral Library, BUET2024-12-041990-10-23  624.183 NIL/1986১০/ক-১২624_183000000000000_NIL_1986 
 2024-12-0477828Rental Item   Rental section  Central Library, BUETCentral Library, BUET2024-12-041990-10-23  624.183 NIL/1986১০/ক-১৩624_183000000000000_NIL_1986 
 2024-12-0477829Rental Item   Rental section  Central Library, BUETCentral Library, BUET2024-12-041990-10-23  624.183 NIL/1986১০/ক-১৪624_183000000000000_NIL_1986 
 2024-12-0477830Rental Item   Rental section  Central Library, BUETCentral Library, BUET2024-12-041990-10-23  624.183 NIL/1986১০/ক-১৫624_183000000000000_NIL_1986 
 2024-12-0477831Rental Item   Rental section  Central Library, BUETCentral Library, BUET2024-12-041990-10-23  624.183 NIL/1986১০/ক-১৬624_183000000000000_NIL_1986 
 2024-12-0477832Rental Item   Rental section  Central Library, BUETCentral Library, BUET2024-12-041990-10-23  624.183 NIL/1986১০/ক-১৭624_183000000000000_NIL_1986 
 2024-12-0477833Rental Item   Rental section  Central Library, BUETCentral Library, BUET2024-12-041990-10-23  624.183 NIL/1986১০/ক-১৮624_183000000000000_NIL_1986 
 2024-12-0477834Rental Item   Rental section  Central Library, BUETCentral Library, BUET2024-12-041990-10-23  624.183 NIL/1986১০/ক-১৯624_183000000000000_NIL_1986 
 2024-12-0477835Rental Item   Rental section  Central Library, BUETCentral Library, BUET2024-12-041990-10-23  624.183 NIL/1986১০/ক-২০624_183000000000000_NIL_1986